000 00518nam a2200181Ia 4500
005 20250508152118.0
008 008 250505s9999 xx 000 0 eng d
037 _aTextual
040 _aFEDL
_beng
_cFEDL
041 _aeng
_2eng
084 _a539.76, FLA
_qFEDL
100 _aFlanagan Dennis Ed.
_9760783
245 0 _aAtomic power : A scientific American book
260 _aNew York, USA
_bSimon and Schuster
_c1955
300 _a180p.
942 _cTEXL
_h539.76, FLA
999 _c1334311
_d1334311